000
00278nam a22001337a 4500
008
180215b xxu||||| |||| 00| 0 eng d
020
_a
9780500289587
041
_a
eng
080
_a
941
100
_a
16
101
_a
HIS
245
_a
The Cold War
_c
Thames
942
_2
udc
_c
BK
999
_c
42608
_d
42608